| 000 | 00780nam a22002292 4500 | ||
|---|---|---|---|
| 001 | 0000013021 | ||
| 005 | 20151217152119.0 | ||
| 008 | 090520s xx 000 0 eng d | ||
| 020 | _a8177588736 : | ||
| 040 |
_aKABU _cKABU |
||
| 100 | 1 |
_aWang, Xiaodong. _@0000170075 |
|
| 245 | 1 | 0 |
_aWireless communication systems : _badvanced techniques for signal reception / _cXiadong Wang, H. Vincent Poor. |
| 250 | _a1st ed. | ||
| 260 |
_aNew Delhi : _bPearson Education, _c2004. |
||
| 300 | _axiv, 682 p. | ||
| 650 | 0 |
_aWireless communication systems. _@0000151097 |
|
| 650 | 0 |
_aSignal processing _xDigital techniques. _@0000170024 |
|
| 700 | 1 |
_aPoor, H. Vincent. _@0000170076 |
|
| 852 | 1 | _9p3300 KES | |
| 908 | _a090520 | ||
| 950 | _@1 | ||
| 999 |
_c8407 _d8407 |
||